000 00707nam a2200241Ia 4500
005 20260429111955.0
008 260429s9999||||xx |||||||||||||| ||und||
020 _a9781800614727
041 _aEnglish
082 _a332.10956
_bHUS
100 _aHussainey, Khaled
245 0 _aHandbook of banking and finance in the MENA region /
_cKhaled Hussainey
260 _aSingapore :
_bWorld Scientific Publishing,
_c2024.
300 _axliv, 407 p.; hb
440 _aTransformations in banking, finance and regulation; v.13
650 _a Asia
650 _a Banking
650 _a Financial economics
650 _a Middle east
650 _aEconomics
700 _a Dalwai, Tamanna
942 _cTB
999 _c51695
_d51695